000 00393nam a22001337a 4500
999 _c515522
_d515522
008 210130b ||||| |||| 00| 0 eng d
100 _aHabibullah, Wajahat
_924004
245 _aKashmir: The tragedy
260 _aSocial Scientist
300 _a48(7-8), Jul-Aug, 2020: p.17-28
773 _aSocial Scientist
906 _aINDIA - JAMMU AND KASHMIR - POLITICS AND GOVERNMENT
942 _cAR